书目信息 |
| 题名: |
河南省经济地图集
|
|
| 作者: | 河南省经济地图集编纂委员会 ;陈洁 主编 | |
| 分册: | ||
| 出版信息: | 西安煤航地图制印公司, 1994.08 |
|
| 页数: | 93页 | |
| 开本: | 20cm | |
| 丛书名: | ||
| 单 册: | ||
| 中图分类: | F129.961-64 | |
| 科图分类: | ||
| 主题词: | 经济--中国 | |
| 电子资源: | ||
| ISBN: | ||
| 000 | 00700nam0 2200193 450 | |
| 001 | 2433472477 | |
| 005 | 20241126092549.38 | |
| 010 | @dCNY210.00 | |
| 100 | @a20241126d1994 km y0chiy0120 ea | |
| 101 | 0 | @achi |
| 200 | 1 | @a河南省经济地图集@AHe Nan Sheng Jing Ji Di Tu Ji@f河南省经济地图集编纂委员会;陈洁主编@FHe Nan Sheng Jing Ji Di Tu Ji Bian Zuan Wei Yuan Hui;Chen Jie Zhu Bian |
| 210 | @c西安煤航地图制印公司,@d1994.08 | |
| 215 | @a93页@d20cm | |
| 606 | 0 | @a经济@x中国 |
| 690 | @aF129.961-64@v4 | |
| 701 | 0 | @a河南省经济地图集编纂委员会@AHe Nan Sheng Jing Ji Di Tu Ji Bian Zuan Wei Yuan Hui |
| 702 | 0 | @a陈洁@AChen Jie@4主编 |
| 801 | 0 | @aCN@b河南城建学院图书馆@c20241126 |
| 905 | @dF129.961-64@eH277 | |
| 河南省经济地图集/河南省经济地图集编纂委员会;陈洁主编.-西安煤航地图制印公司,,1994.08 |
| 93页;20cm |
| ISBN :CNY210.00 |
| ● |
| 相关链接 |
|
|
|
正题名:河南省经济地图集
索取号:F129.961-64/H277
 
预约/预借
| 序号 | 登录号 | 条形码 | 馆藏地/架位号 | 状态 | 备注 |
| 1 | 1554281 | 215542811 | 社科库409/ [索取号:F129.961-64/H277] | 在馆 |